00626 2200241 4500001002100000005001700021008004100038020001800079035002400097082001100121090002100132100002900153245004200182250001100224260003100235300002400266500002600290650001700316850001500333980001500348985000600363999001500369YOGYA-0209000003592320090227025051.0 ind  a979-413-422-8 0010-020900000035923 a634.65 a634.65bBud SlT aBudi Santoso, Hieronymus aSalak pondohcHieronymus Budi Santoso aCet. 8 aYogyakartabKanisiusc1999 a60 hlmbilusc21 cm aBibliografi : hlm. 60 aSalak pondoh aYOPDYOG(B) a01-19-2006 a1 a95P0069289